000 00457nam a2200181Ia 4500
005 20250603145552.0
008 250603s9999 xx 000 0 und d
020 _a9781844807796
050 _aT 58.6 .S73/
100 _aStair, Ralph M... [et al.].
245 0 _aPrinciples of business information systems
260 _aUnited Kingdom
260 _bCengage learning
260 _c2008
300 _a544 p
650 _aUnited Kingdom
942 _cBK
999 _c42235
_d42235